| 000 | 00596nam a22001937a 4500 | ||
|---|---|---|---|
| 999 |
_c10089 _d10089 |
||
| 003 | AR-CdUCM | ||
| 008 | 190329b ||||| |||| 00| 0 spa d | ||
| 020 | _a978-612-316-319-8 | ||
| 040 |
_aMUNICIPALIDAD PROVINCIAL DEL CUSCO _cBIBLIOTECA MUNICIPAL DEL CUSCO |
||
| 082 |
_aSI-0139 / _bPAZ / cla |
||
| 100 |
_aHermanos Paz _926746 |
||
| 245 | _aClavito y el xilófono mágico / | ||
| 260 |
_aLima : _bSM, _c2015. |
||
| 300 |
_a37 páginas ; _bIlustraciones _c28 cm. _e+ CD |
||
| 650 |
_aLiteratura infantil _9588 |
||
| 650 |
_aSiglo XXI _92856 |
||
| 942 |
_2ddc _cLIBROS |
||
| 945 |
_apjha _d2019-05-14 |
||